00459nam a2200145Ia 4500008004100000020002200041050001500063100002900078245008300107250000600190260002200196300002200218650003100240700004200271120626s9999 xx 000 0 und d a978-968-18-6714-0 aC HB61 Z66 aZORRILLA ARENA, Santiago aDiccionario de economìa / Santiago Zorrilla Arena, Josè Silvestre Mèndez a3 aMèxico : Limusa a322 p. : glosario a1. ECONOMIA -- DICCIONARIO aSilvestre Mèndez, Josè, coaut.Ì